| 000 | 00966cam a22003257a 4500 | ||
|---|---|---|---|
| 003 | CHAP | ||
| 005 | 20220817043339.0 | ||
| 008 | 971013s1993 r 00010 d | ||
| 010 | _a72721 | ||
| 011 | _a73693 | ||
| 035 | _a83251 | ||
| 040 | _cCHAP | ||
| 082 |
_a662.65 _bF37 |
||
| 110 | 2 | _aFAO | |
| 245 | 1 | 3 | _aEl gas de madera como combustible para motores |
| 260 |
_aRoma : _bFAO, _c1993 |
||
| 300 | _a178 p. | ||
| 490 | 0 |
_aFAO. Montes _v; 72 |
|
| 590 |
_aBATCH-UPD _b10 _c20130110 _lUCH01 _h0701 |
||
| 590 |
_aBATCH-UPD _b10 _c20130410 _lUCH01 _h0346 |
||
| 590 |
_aBATCH-UPD _b10 _c20130914 _lUCH01 _h1351 |
||
| 590 |
_aCONVERSION _b10 _c20130109 _lUCH01 _h1340 |
||
| 650 | 1 | 4 |
_aGas _xObtención y producción. _947200 |
| 650 | 1 | 4 |
_aMadera como combustible. _969648 |
| 650 | 1 | 4 |
_aMotores de combustión interna. _979098 |
| 830 | 0 |
_aFAO. Montes _v; 72 _939632 |
|
| 901 | _aBK | ||
| 942 | _cLIBRO | ||
| 949 |
_a662.65 F37 _bBC _cFAO _d-37734 _eFAO1 _h86802 _i83251 _mD _si |
||
| 999 |
_c72721 _d72721 |
||